Stany USA - nagła śmierć - Statystyki

Ogólne statystyki
  • Ten quiz został rozwiązany 349 razy
  • Średni wynik to 12 z 14
Answers on the Grid
Answers color-coded by a green-red scale on the quiz's grid according to % correct below.
Kalifornia
Pensylwania
Honolulu
Floryda
Arizona
Dakota City
Illinois
Columbia
Kolorado
Madison
Buffalo
Minnesota
Hamilton
Oklahoma
Lexington
Teksas
Savannah
Raleigh
Wisconsin
Ohio
Tacoma
Missisipi
Chattanooga
Fresno
Anchorage
Georgia
Franklin
Michigan
 
Statystyki odpowiedzi
Odpowiedź % Poprawnych
Kalifornia
98%
Arizona
92%
Floryda
89%
Pensylwania
89%
Kolorado
87%
Ohio
85%
Teksas
84%
Georgia
82%
Missisipi
82%
Illinois
81%
Oklahoma
81%
Michigan
80%
Minnesota
80%
Wisconsin
75%
Nie znaleziono quizów pasujących do podanych kryteriów
Rozkład punktacji
Procent ludzi z każdym wynikiem
Percentyl według liczby udzielonych odpowiedzi
Twoja historia wyników
Nie rozwiązałeś tego quizu